000 00274nam a2200109Ia 4500
008 220714s9999 xx 000 0 und d
020 _a0 625 00150 8
082 _aNF 439.3631
100 _aBARNES, ASV
_9166486
245 0 _aAFRIKAANSE SPREEKWOORDE GESEGDES
942 _cBK
_w561
_xJohn Tresidder
_y561
_zJohn Tresidder
999 _c716885
_d716884